01118 a2200157 4500003000500000005001700005040000900022082001200031100002400043245005800067260005400125300002400179505069900203600002400902650003400926Nust20221222085324.0 cNust a330,KHA aAbdul Haleem Khawja aIntermediate economics Part-1 / cAbdul Haleem Khawja aKhawja & Khawja Publishing HousebIslamabadc2003 a263 pbillusc24 cm aNature And Scope Of Economics (Page-1), Basic Terms And Concepts In Economics (Page-21), Consumption (Page-31), Demand (Page-44), Elasticity Of Demand (Page-52), Supply (Page-65), Equilibrium Of Demand And Supply (Page-75), Equilibrium Of Demand And Supply (Page-96), Production And Factors Of Production (Page-103), Scale Of Production And Laws Of Returns (Page-121), Market (Page-139), Firms Product, Cost And Revenues (Page-149), Equilibrium Of Firm And Industry (Page-160), The Theory Of Distribution (Page-170), Wages (Page-179), Rent (Page-192), Interest (Page-199), Profit (Page-207), Some Concepts Of Statistics (Page-211), Objective Questions (Page-219), Examination Papers (Page-260). aAbdul Haleem Khawja aIntermediate economics Part-1